| 000 | 03856nam a2200457 a 4500 | ||
|---|---|---|---|
| 003 | CHAP | ||
| 005 | 20240925132148.0 | ||
| 007 | cr ||||||a|c|a | ||
| 008 | 101110s2010 mx r 00010 spa d | ||
| 035 | _a111384 | ||
| 040 | _cCHAP | ||
| 090 | _aTesis | ||
| 100 | 1 |
_aMéndez Cabrera, Jessica Gesabel. _976477 |
|
| 245 | 1 | 0 |
_aRelación entre pruebas de calidad fisiologíca de siete hortalizas con el establecimiento en almácigo _c/por Jessica Gesabel Méndez Cabrera; director de tesis Juan Martínez Solís. |
| 264 | 1 |
_aChapingo, Méx. : _bEl autor, _c2010. |
|
| 300 |
_a1 recurso en línea (59 páginas). _bcuadros. |
||
| 336 |
_2rdacontent _atexto _btxt |
||
| 337 |
_2rdamedia _acomputadora _bc |
||
| 338 |
_2rdacarrier _arecursos en línea _bcr |
||
| 502 |
_aTesis (Ing. Agr. Esp. en Fitotecnia) -- UACH. Departamento de Fitotecnia _bIAEF _cFitotecnia _d2010. |
||
| 520 | _aLa prueba de germinación estándar es utilizada en la industria semillera para evaluar la calidad de semillas; sin embargo, debido a que es desarrollada bajo condiciones de laboratorio, ocasionalmente los resultados difieren de los obtenidos en campo, motivo por el cual se llevó a cabo este estudio cuyo objetivo fue identificar la prueba de vigor que presente mayor asociación con la emergencia en campo de betabel (Beta vulgaris L.), calabaza (Cucurbita pepo L.), ejote (Phaseolus vulgaris L.), lechuga (Lactuca sativa L.), nabo (Brassica napus L.), rábano (Rhapanus sativum L.) y zanahoria (Daucus carota L.); dichas semillas se sometieron a una prueba de germinación estándar, a una prueba de emergencia en invernadero, y a cuatro pruebas de vigor: Inmersión en agua caliente, en cloruro de amonio, en hidróxido de sodio y prueba de envejecimiento acelerado, en instalaciones de la Universidad Autónoma Chapingo. Se utilizó un diseño experimental completamente al azar con ocho repeticiones de 25 semillas cada una. Los caracteres evaluados fueron: porcentaje de germinación y emergencia, índice de velocidad de germinación y emergencia, longitud de tallo, porcentaje de plántulas normales, anormales y de semillas no germinadas. Para cada variable se hizo análisis de varianza y comparación de medias (Tukey, P≤0.05). De acuerdo con dicho análisis, para betabel cualquiera de las pruebas de laboratorio es capaz de predecir el porcentaje de germinación que ocurre en campo; para calabaza, la inmersión en agua caliente y en cloruro de amonio lo predijeron mejor, mientras que, para ejote, solo la prueba de hidróxido de sodio fue capaz de predecir el resultado. En lechuga únicamente la prueba de envejecimiento acelerado es estadísticamente igual al porcentaje de germinación en campo; de igual manera, para nabo, solamente la inmersión en agua caliente predijo el porcentaje de germinación; para rábano, la prueba de germinación estándar, inmersión en agua caliente y envejecimiento acelerado predijeron correctamente lo sucedido en campo. | ||
| 590 |
_aALEPH _b10 _c20130110 |
||
| 590 |
_aBATCH-UPD _b10 _c20130110 |
||
| 590 |
_aBATCH-UPD _b10 _c20130410 |
||
| 590 |
_aBATCH-UPD _b10 _c20130914 |
||
| 590 |
_aBATCH-UPD _b10 _c20140324 |
||
| 590 |
_aBATCH-UPD _b10 _c20141002 |
||
| 590 |
_aCONVERSION _b10 _c20130109 |
||
| 650 | 0 | 4 |
_aLegumbres _xFisiología y morfología. _965721 |
| 650 | 0 | 4 |
_aSemillas _xAnálisis. _9103878 |
| 650 | 1 | 4 |
_aSemillas hortícolas. _9103943 |
| 650 | 1 | 4 |
_aSemillas _xVigor. _9103934 |
| 700 | 1 |
_aMartínez Solís, Juan _972539 _eDirector de tesis. |
|
| 856 |
_uhttp://10.13.5.2/tesis/111384.pdf _zDESCARGAR PDF |
||
| 901 | _aBK | ||
| 942 |
_cTD _2Clasificación Universidad Autónoma Chapingo |
||
| 949 |
_aTesis _bBC _cTES _d33724002220629 _eTS1 _gDonaciØn _h51384 _i111384 _sb |
||
| 949 |
_atesis _bBC _cTES _d33724002220637 _eTS2 _fc.2 _gDonaciØn _h51385 _i111384 _sb |
||
| 999 |
_c99726 _d99726 |
||